[Event "Karl Mala Memorial op 15th"]
[Site "Frankfurt"]
[Date "2012.07.06"]
[Round "2"]
[White "Loos, Tobias"]
[Black "Konik, Michael"]
[Result "0-1"]
[WhiteElo "1555"]
[BlackElo "2051"]
[PlyCount "76"]
[EventDate "2012.07.05"]
[EventType "swiss"]
[EventRounds "7"]
[EventCountry "GER"]
[SourceTitle "CBM 149 Extra"]
[Source "ChessBase"]
[SourceDate "2012.08.24"]
[SourceVersion "1"]
[SourceVersionDate "2012.08.24"]
[SourceQuality "1"]

1. c4 Nf6 2. g3 c6 3. Bg2 d5 4. cxd5 Nxd5 5. Nc3 Be6 6. a3 g6 7. e4 Nb6 8. d4 Bg7 9. Nge2 0-0 10. 0-0 Qd7 11. b3 Na6 12. Be3 Rfd8 13. Qc2 Bh3 14. Rfd1 Bxg2 15. Kxg2 Rac8 16. Rac1 Nc7 17. Nf4 Ne6 18. Nxe6 Qxe6 19. Ne2 Qd7 20. Qc5 Qd6 21. Qxd6 Rxd6 22. e5 Rd7 23. Nc3 Rcd8 24. a4 Nd5 25. Nxd5 Rxd5 26. f4 e6 27. Rd2 Bf8 28. Rc4 a5 29. Kf3 Bb4 30. Rdc2 h5 31. Ke4 Kg7 32. Bd2 Be7 33. b4 b5 34. Rxc6 Rxd4+ 35. Ke3 axb4 36. axb5 Rd3+ 37. Ke2 b3 38. Rb2 Ba3 0-1

[Event "Karl Mala Memorial op 15th"]
[Site "Frankfurt"]
[Date "2012.07.05"]
[Round "1"]
[White "Konik, Michael"]
[Black "Junker, Christian"]
[Result "0-1"]
[WhiteElo "2051"]
[BlackElo "1965"]
[PlyCount "22"]
[EventDate "2012.07.05"]
[EventType "swiss"]
[EventRounds "7"]
[EventCountry "GER"]
[SourceTitle "CBM 149 Extra"]
[Source "ChessBase"]
[SourceDate "2012.08.24"]
[SourceVersion "1"]
[SourceVersionDate "2012.08.24"]
[SourceQuality "1"]

1. e4 e5 2. Nf3 Nf6 3. Nc3 Nc6 4. Bc4 Nxe4 5. Nxe4 d5 6. Bxd5 Qxd5 7. d3 Bg4 8. 0-0 0-0-0 9. h3 Bh5 10. g4 Bg6 11. Re1 Bxe4 0-1

[Event "Main Vogelsberg op 7th"]
[Site "Hanau"]
[Date "2012.06.10"]
[Round "6"]
[White "Konik, Michael"]
[Black "Rack, Matthias"]
[Result "1-0"]
[WhiteElo "2076"]
[BlackElo "2049"]
[PlyCount "69"]
[EventDate "2012.06.07"]
[EventType "swiss"]
[EventRounds "7"]
[EventCountry "GER"]
[SourceTitle "EXT 2013"]
[Source "ChessBase"]
[SourceDate "2012.11.22"]
[SourceVersion "1"]
[SourceVersionDate "2012.11.22"]
[SourceQuality "1"]

1. d4 d5 2. Nf3 Nf6 3. g3 c6 4. Bg2 Bf5 5. 0-0 h6 6. c4 e6 7. Nc3 Be7 8. Nd2 Nbd7 9. b3 Qa5 10. Bb2 Bb4 11. Qc1 0-0 12. e4 dxe4 13. Ndxe4 Be7 14. Re1 Rac8 15. Qf4 Bg6 16. Nd6 Rb8 17. Nde4 Rbc8 18. Nxf6+ Nxf6 19. Qe5 Qb6 20. h3 Rfd8 21. Rad1 Rd7 22. d5 cxd5 23. cxd5 Bd6 24. Qe2 e5 25. Na4 Qa5 26. Rc1 Rxc1 27. Rxc1 b5 28. Nc3 a6 29. a4 b4 30. Ne4 Nxd5 31. Nxd6 Nc3 32. Bxc3 bxc3 33. Nc4 Qb4 34. Qxe5 Re7 35. Qxc3 1-0